ბათუმის შოთა რუსთაველის სახელმწიფო უნივერსიტეტის ბიბლიოთეკა

კვლევები ქართული საეკლესიო გალობის შესახებ = Studies of georgian church music / (ბიბ.ჩანაწერი № 60044)

000 -ლიდერი
ფიქსირებული სიგრძის საკონტროლო ველი 01444nam a22002297a 4500
003 - საკონტროლო ნომრის იდენტიფიკატორი
საკონტროლო ველი Ge_BSU
005 - ბოლო ოპერაციის თარიღი და დრო
საკონტროლო ველი 20230531173114.0
008 - ფიქსირებული სიგრძის მონაცემთა ელემენტები - ზოგადი ინფორმაცია
ფიქსირებული სიგრძის საკონტროლო ველი 230531s2018ge xxu||||| |||| 00| 0 geo d
020 ## - წიგნის საერთაშორისო სტანდარტული ნომერი
International Standard Book Number 9788301202194
041 ## - ენის კოდი
Language code of text/sound track or separate title geo
080 ## - უნივერსალური ათობითი კლასიფიკაციის ინდექსი
Universal Decimal Classification number 783(479.22)+27-534.5კ-44
245 ## - ცნობა სათაურის შესახებ
Title კვლევები ქართული საეკლესიო გალობის შესახებ = Studies of georgian church music /
Statement of responsibility, etc რედ.თამარ ჩხეიძე ; თარგმ.რედ.კოლინ გრეგერ თორპე.
264 ## - წარმოების, გამოცემის, დისტრიბუციის და სხვა ცნობები
გამოცემის, წარმოების, დისტრიბუციის... ადგილი ვარშავა :
გამოცემის, წარმოების, დისტრიბუციის... სახელწოდება PWN,
გამოცემის, წარმოების, დისტრიბუციის... თარიღი 2018.
300 ## - ფიზიკური აღწერა
Extent 282 გვ. :
Other physical details ნოტ. ;
Dimensions 25 სმ.
504 ## - BIBLIOGRAPHY, ETC. NOTE
Bibliography, etc ბიბლიოგრაფია ნაშრომების ბოლოს.
546 ## - LANGUAGE NOTE
Language note ყდა, თავფურცელი და ტექსტი ქართულ და ინგლისურ ენებზე.
653 ## - INDEX TERM--UNCONTROLLED
Uncontrolled term ქართული საეკლესიო გალობა
700 ## - ADDED ENTRY--PERSONAL NAME
Personal name ჩხეიძე, თამარ
Relator term რედაქტორი
9 (RLIN) 18374
700 ## - ADDED ENTRY--PERSONAL NAME
Personal name გრეგერ თორპე, კოლინ
Relator term თარგმანის რედაქტორი
9 (RLIN) 18375
710 ## - ADDED ENTRY--CORPORATE NAME
Corporate name or jurisdiction name as entry element თბილისის ვანო სარაჯიშვილის სახელობის სახელმწიფო კონსერვატორია
9 (RLIN) 18376
942 ## - ADDED ENTRY ELEMENTS (KOHA)
Source of classification or shelving scheme
Koha item type წიგნი
ეგზემპლარები
ჩამოწერის სტატუსი დაკარგული ეგზემპლარის სტატუსი კლასიფიკაციის წყარო ან თაროზე გაწყობის სქემა დაზიანების სტატუსი არ გაიცემა მუდმივი მდებარეობა (დაცვის ადგილი) ამჟამინდელი ადგილსამყოფელი თაროზე განთავსების ადგილი შეძენის თარიღი ღირებულება, შესყიდვის ნორმალური ფასი სრული შენახვის შიფრი შტრიხკოდი ბოლო ოპერაციის თარიღი ეგზემპლარის მიმდევრობითი ნომერი (კეტერი?) ფასის ძალაში შესვლის თარიღი ეგზემპლარის სახეობა საჯარო შენიშვნა Uniform Resource Identifier
          ბათუმის შოთა რუსთაველის სახელმწიფო უნივერსიტეტის მთავარი ბიბლიოთეკა ბათუმის შოთა რუსთაველის სახელმწიფო უნივერსიტეტის მთავარი ბიბლიოთეკა წიგნსაცავი 2023-05-31 55.00 783(479.22)+27-534.5კ-44 29524 2023-05-31 29524 2023-05-31 წიგნი 55ლ.86თ.  
          ბათუმის შოთა რუსთაველის სახელმწიფო უნივერსიტეტის მთავარი ბიბლიოთეკა ბათუმის შოთა რუსთაველის სახელმწიფო უნივერსიტეტის მთავარი ბიბლიოთეკა წიგნსაცავი 2023-05-31 55.00 783(479.22)+27-534.5კ-44 29525 2023-05-31 29525 2023-05-31 წიგნი 55ლ.86თ.  
          ბათუმის შოთა რუსთაველის სახელმწიფო უნივერსიტეტის მთავარი ბიბლიოთეკა ბათუმის შოთა რუსთაველის სახელმწიფო უნივერსიტეტის მთავარი ბიბლიოთეკა წიგნსაცავი 2023-05-31 55.00 783(479.22)+27-534.5კ-44 29526 2023-05-31 29526 2023-05-31 წიგნი 55ლ.86თ.  
          ბათუმის შოთა რუსთაველის სახელმწიფო უნივერსიტეტის მთავარი ბიბლიოთეკა ბათუმის შოთა რუსთაველის სახელმწიფო უნივერსიტეტის მთავარი ბიბლიოთეკა წიგნსაცავი 2025-12-05 15.00 783(479.22)+27-534.5კ-44 73222 2025-12-05 73222 2025-12-05 წიგნი 15 ლ. საჩუქარი საქართველოს ეროვნული ბიბლიოთეკისაგან